000 00291nam a22001217a 4500
999 _c8551
_d8551
008 200317b ||||| |||| 00| 0 eng d
100 _aBhise, S. B.
245 _aPharmacology -1
250 _a1st
_b2019
260 _aNew Delhi
_bNirali Prakashan
650 _aPharmacognosy
942 _2ddc
_cBK